Boletín demográfico : Demographic bulletin /
Presents Latin American and Caribbean population data. Full-text of introductory matter is available, and data tables are viewable in HTML or downloadable as EXCEL files. Produced by the United Nations Economic Commission for Latin America and the Caribbean. Many more issues available on Spanish th...
| Uniform Title: | Boletín demográfico (Santiago, Chile : Online) |
|---|---|
| Corporate Author: | |
| Format: | Journal |
| Language: | Spanish English |
| Language Notes: | Chiefly in Spanish, some English. |
| Published: |
Santiago de Chile :
CELADE.
|
| Subjects: | |
| Online Availability: |
|
MARC
| Tag | First Indicator | Second Indicator | Subfields |
|---|---|---|---|
| LEADER | 00000cas a2200000Ia 4500 | ||
| 001 | in00002328131 | ||
| 005 | 20151108041646.0 | ||
| 006 | m d | ||
| 007 | cr cnu|||||||| | ||
| 008 | 020412c199u9999cl fr psss i0 0spa d | ||
| 022 | |y 0378-5386 | ||
| 035 | |a (OCoLC)ocm49575499 | ||
| 035 | |a (OCoLC)49575499 | ||
| 040 | |a ZCU |c ZCU |d OCLCQ |d TXA |d UtOrBLW | ||
| 041 | 0 | |a spa |a eng | |
| 043 | |a cl----- | ||
| 049 | |a TXAM | ||
| 050 | 4 | |a HB3530.5.A3 |b B65 Electronic | |
| 130 | 0 | |a Boletín demográfico (Santiago, Chile : Online) | |
| 245 | 1 | 0 | |a Boletín demográfico : |b Demographic bulletin / |c CELADE. |
| 246 | 3 | 1 | |a Demographic bulletin |
| 264 | 1 | |a Santiago de Chile : |b CELADE. | |
| 310 | |a Semiannual | ||
| 336 | |a text |b txt |2 rdacontent | ||
| 337 | |a computer |b c |2 rdamedia | ||
| 338 | |a online resource |b cr |2 rdacarrier | ||
| 500 | |a Description based on: Año, number 62 (1998); title from homepage. | ||
| 530 | |a Also issued in print. | ||
| 538 | |a Mode of access: World Wide Web. | ||
| 546 | |a Chiefly in Spanish, some English. | ||
| 520 | |a Presents Latin American and Caribbean population data. Full-text of introductory matter is available, and data tables are viewable in HTML or downloadable as EXCEL files. Produced by the United Nations Economic Commission for Latin America and the Caribbean. Many more issues available on Spanish than on English site. | ||
| 500 | |a Electronic resource. | ||
| 651 | 0 | |a Latin America |x Population |v Periodicals. | |
| 651 | 0 | |a Latin America |x Population |v Statistics |v Periodicals. | |
| 710 | 2 | |a CELADE (Organization) | |
| 776 | 1 | |t Boletín demográfico (Santiago, Chile) |x 0378-5386 |w (DLC) 88655689 |w (OCoLC)2636534 | |
| 948 | |a cataloged |b h |c 2007/9/11 |d c |e pbump | ||
| 994 | |a C0 |b TXA | ||
| 999 | |a MARS | ||
| 999 | f | f | |s 75ea0b79-2211-389e-84bb-9c396a610bcc |i f4fb14b8-91eb-3d9d-868f-4833437deb69 |t 0 |
| 952 | f | f | |a Texas A&M University |b College Station |c Electronic Resources |d Available Online |t 0 |e HB3530.5.A3 B65 |g Electronic |h Library of Congress classification |
| 998 | f | f | |a HB3530.5.A3 B65 |t 0 |l Available Online |